| 000 | 00578nam a2200229Ia 4500 | ||
|---|---|---|---|
| 003 | OSt | ||
| 005 | 20220924144620.0 | ||
| 006 | a|||||r|||| 00| 0 | ||
| 007 | ta | ||
| 008 | 220923b |||||||| |||| 00| 0 tam d | ||
| 024 | _a316313 | ||
| 037 | _cTextual | ||
| 040 |
_aARTS _cARTS _btam |
||
| 041 |
_2tam _atam |
||
| 082 | _aO31,1C5:g, J6 | ||
| 100 |
_aUrai Parimelazhakar Au. _9218016 |
||
| 245 | 0 | _aTirukkural | |
| 260 | _c1956 | ||
| 650 | _aTAMIL POETRY | ||
| 942 |
_hO31,1C5:g, J6 _cTEXL _2CC |
||
| 999 |
_c457633 _d457633 |
||